Consideraciones sobre la extensión de responsabilidad por tercerización a partir de los fallos del Máximo Tribunal Nacional (Registro nro. 25100)

Detalles MARC
000 -LEADER
fixed length control field 00423 a2200109 4500
001 - CONTROL NUMBER
control field ART_10849
005 - DATE AND TIME OF LATEST TRANSACTION
control field 20260410161852.0
008 - FIXED-LENGTH DATA ELEMENTS--GENERAL INFORMATION
fixed length control field 260409a
100 1# - MAIN ENTRY--PERSONAL NAME
Personal name Fera, Mario S.
245 10 - TITLE STATEMENT
Title Consideraciones sobre la extensión de responsabilidad por tercerización a partir de los fallos del Máximo Tribunal Nacional
773 0# - HOST ITEM ENTRY
Title Derecho del trabajo
Related parts Tercerización - Año I, Nº 1 (mayo 2012)
Record control number REV10447

No hay ítems disponibles.